[Event "ODJM A 2018"]
[Site "Willingen GER"]
[Date "2018.05.20"]
[Round "2"]
[White "Schimnatkowski, Lukas"]
[Black "Do, Nam"]
[Result "1/2-1/2"]
[Termination "normal"]
[Board "16"]
[WhiteElo "2051"]
[BlackElo "1947"]
[PlyCount "112"]
[WhiteFideId "12936723"]
[BlackFideId "12998885"]
[EventCountry "GER"]
[EventRounds "9"]
[EventType "swiss"]
[EventDate "2018.05.19"]

1. Nf3 Nf6 2. g3 e6 3. Bg2 d5 4. O-O Be7 5. d3 O-O 6. Nbd2 c5 7. e4 Nc6 8. Re1
Qc7 9. c3 dxe4 10. dxe4 Rd8 11. Qc2 e5 12. Nc4 b5 13. Ne3 Be6 14. Ng5 Qc8 15.
Nxe6 Qxe6 16. Nd5 Rac8 17. Nxe7+ Qxe7 18. Bh3 Rb8 19. Be3 a6 20. Rad1 Ne8 21.
Bg2 Nc7 22. f4 22... f6 {(=)} 23. Rxd8+ Rxd8 24. Rd1 c4 25. Kf2 Ne6 26. Rd5 Nb8
27. Qd1 Rxd5 28. Qxd5 Kh8 29. fxe5 fxe5 30. Qxe5 Nd7 31. Qf5 h6 32. e5 Nec5 33.
Bd4 Nd3+ 34. Kg1 N3xe5 35. Be4 Kg8 36. Qh7+ Kf8 37. Qf5+ Kg8 38. Kg2 g6 39. Qf4
Kh7 40. Be3 Nf7 41. h4 41... Nf6 {(=)} 42. Bf3 Qe6 43. Bd4 Ne8 44. h5 Ng5 45.
Bg4 Qd5+ 46. Kh2 gxh5 47. Bxh5 Ng7 48. Bd1 N5e6 49. Bc2+ Kg8 50. Qb8+ Kf7 51.
Qb7+ Kg8 52. Bg6 Qf3 53. Qb8+ Nf8 54. Qe5 Nfe6 55. Qb8+ Nf8 56. Qe5 Nfe6
1/2-1/2

[Event "ODJM A 2018"]
[Site "Willingen GER"]
[Date "2018.05.20"]
[Round "2"]
[White "Heldt, Maximilian"]
[Black "Wissing, Philipp"]
[Result "1-0"]
[Termination "normal"]
[Board "17"]
[WhiteElo "2050"]
[BlackElo "1802"]
[PlyCount "73"]
[WhiteFideId "12952346"]
[BlackFideId "12993654"]
[EventCountry "GER"]
[EventRounds "9"]
[EventType "swiss"]
[EventDate "2018.05.19"]

1. e4 c5 2. c3 Nc6 3. d4 d5 4. exd5 Qxd5 5. Nf3 Bg4 6. Be2 Nf6 7. Be3 cxd4 8.
cxd4 e6 9. O-O Be7 10. Nc3 Qd7 11. Ne5 Nxe5 12. dxe5 Qxd1 13. Bxd1 Bxd1 14.
exf6 Bxf6 15. Rfxd1 O-O 16. Rd7 b6 17. Rad1 Rfd8 18. Rxd8+ Rxd8 19. Rxd8+ Bxd8
20. Kf1 Kf8 21. Ke2 Ke7 22. Kd3 Kd7 23. Kc4 Kc6 24. b4 a6 25. a4 a5 26. bxa5
bxa5 27. Ne4 h6 28. Nc5 Be7 29. Nb3 Bb4 30. Bd2 Bxd2 31. Nxd2 g5 32. Nf3 f6 33.
Nd4+ Kd6 34. Nb3 Ke5 35. Nxa5 g4 36. Nc6+ Kf4 37. a5 1-0

[Event "ODJM A 2018"]
[Site "Willingen GER"]
[Date "2018.05.20"]
[Round "2"]
[White "Reucker, Friedrich"]
[Black "Melde, Benjamin"]
[Result "1/2-1/2"]
[Termination "normal"]
[Board "18"]
[WhiteElo "1882"]
[BlackElo "2069"]
[PlyCount "63"]
[WhiteFideId "12993670"]
[BlackFideId "12958816"]
[EventCountry "GER"]
[EventRounds "9"]
[EventType "swiss"]
[EventDate "2018.05.19"]

1. c4 g6 2. g3 Bg7 3. Bg2 Nf6 4. Nc3 O-O 5. Nf3 d6 6. O-O Nc6 7. Rb1 d5 8. cxd5
Nxd5 9. a3 a5 10. Qc2 Nb6 11. d3 a4 12. Be3 Be6 13. Nd2 Qd7 14. Nce4 Nd4 15.
Bxd4 Bxd4 16. e3 f5 17. Ng5 Bf6 18. Nxe6 Qxe6 19. Bxb7 Ra7 20. Bg2 Qd7 21. d4
e5 22. dxe5 Bxe5 23. Nf3 Bf6 24. Rfd1 Qg7 25. Nd4 Re8 26. Nb5 Ra5 27. Nxc7 Rc8
28. Qd2 Nc4 29. Bd5+ Kh8 30. Bxc4 Qxc7 31. Bf1 Rb8 32. Qd6 1/2-1/2

[Event "ODJM A 2018"]
[Site "Willingen GER"]
[Date "2018.05.20"]
[Round "2"]
[White "Teichert, Felix"]
[Black "Kreutz, Jonas"]
[Result "1/2-1/2"]
[Termination "normal"]
[Board "19"]
[WhiteElo "1970"]
[BlackElo "1861"]
[PlyCount "53"]
[WhiteFideId "12987670"]
[BlackFideId "12970697"]
[EventCountry "GER"]
[EventRounds "9"]
[EventType "swiss"]
[EventDate "2018.05.19"]

1. e4 e6 2. d4 d5 3. exd5 exd5 4. Qf3 Nf6 5. h3 Nbd7 6. Nc3 c6 7. Bd3 Bd6 8.
Nge2 a6 9. O-O O-O 10. Bf4 Bxf4 11. Qxf4 Re8 12. Ng3 Nf8 13. Rfe1 Ne6 14. Qh4
Qb6 15. Rab1 Bd7 16. Nce2 Nf8 17. Nh5 Nxh5 18. Qxh5 Re7 19. Red1 Rae8 20. Ng3
Qa5 21. a3 Re1+ 22. Kh2 Rxd1 23. Rxd1 Qd8 24. Be2 Qf6 25. Rd3 Ne6 26. Qf3 Qh6
27. Rd1 1/2-1/2

[Event "ODJM A 2018"]
[Site "Willingen GER"]
[Date "2018.05.20"]
[Round "2"]
[White "Buller, Ian Joshua"]
[Black "Förster, Erik"]
[Result "0-1"]
[Termination "normal"]
[Board "20"]
[WhiteElo "1779"]
[BlackElo "2074"]
[PlyCount "104"]
[WhiteFideId "12990655"]
[BlackFideId "12918601"]
[EventCountry "GER"]
[EventRounds "9"]
[EventType "swiss"]
[EventDate "2018.05.19"]

1. e4 e6 2. d4 d5 3. Nd2 c5 4. exd5 Qxd5 5. Ngf3 cxd4 6. Bc4 Qd6 7. O-O Nf6 8.
Nb3 Nc6 9. Nbxd4 Nxd4 10. Nxd4 a6 11. Re1 Qc7 12. Qe2 Bc5 13. c3 b5 14. Bb3 O-O
15. Bg5 Bb7 16. Bxf6 gxf6 17. Qh5 Bxd4 18. Qg4+ Kh8 19. Qxd4 e5 20. Qh4 Qc6 21.
f3 Rg8 22. Qe4 Qc8 23. Qe2 Qh3 24. Rf1 Rxg2+ 25. Qxg2 Rg8 26. Qxg8+ Kxg8 27.
Bd1 e4 28. Rf2 e3 29. Rg2+ Kf8 30. Rg3 Qd7 31. Rg2 Qh3 32. Rg3 Qf5 33. Rc1 Qd3
34. Rg2 e2 35. Rxe2 Bxf3 36. Kf2 Bxe2 37. Bxe2 Qd2 38. Rb1 Qc2 39. Rd1 Qxb2 40.
Rd6 Qxa2 41. Rxf6 Ke7 42. Rb6 Qa3 43. Rb7+ Kf6 44. Rb6+ Ke5 45. Rc6 f5 46. Rc8
Kf4 47. Rc6 Qa1 48. Rc7 Qc1 49. Rxh7 Qe3+ 50. Kf1 Qxc3 51. Ra7 a5 52. Bxb5 Qc1+
0-1

[Event "ODJM A 2018"]
[Site "Willingen GER"]
[Date "2018.05.20"]
[Round "2"]
[White "Irkilmez, Yakub"]
[Black "Tham, Minh"]
[Result "1-0"]
[Termination "normal"]
[Board "21"]
[WhiteElo "2108"]
[BlackElo "1910"]
[PlyCount "63"]
[WhiteFideId "16204581"]
[BlackFideId "12997323"]
[EventCountry "GER"]
[EventRounds "9"]
[EventType "swiss"]
[EventDate "2018.05.19"]

1. d4 d5 2. c4 e6 3. Nc3 c6 4. e3 f5 5. g4 Nf6 6. gxf5 exf5 7. cxd5 cxd5 8. Bg2
Bb4 9. Nge2 Nc6 10. a3 Bxc3+ 11. Nxc3 Be6 12. b4 a6 13. Bb2 O-O 14. Ne2 Ne4 15.
Nf4 Qf6 16. h4 Rae8 17. Qe2 Kh8 18. h5 Bf7 19. Bxe4 fxe4 20. O-O-O b5 21. Rdg1
Ne7 22. Kb1 h6 23. Rc1 Rc8 24. Rc5 Rc6 25. Rhc1 Rfc8 26. Qg4 Kh7 27. Ka1 R8c7
28. Rg1 Kh8 29. f3 exf3 30. Qxf3 Kh7 31. e4 Rc8 32. exd5 1-0

[Event "ODJM A 2018"]
[Site "Willingen GER"]
[Date "2018.05.20"]
[Round "2"]
[White "Garbuz, Vitaliy"]
[Black "Perkampus, Laurin"]
[Result "1-0"]
[Termination "normal"]
[Board "22"]
[WhiteElo "2032"]
[BlackElo "1628"]
[PlyCount "67"]
[WhiteFideId "12990710"]
[BlackFideId "16232283"]
[EventCountry "GER"]
[EventRounds "9"]
[EventType "swiss"]
[EventDate "2018.05.19"]

1. e4 c5 2. d4 cxd4 3. c3 Nf6 4. e5 Nd5 5. Nf3 Nc6 6. Bc4 Nb6 7. Bb3 d6 8. exd6
Qxd6 9. O-O e6 10. cxd4 Be7 11. Nc3 a6 12. Be3 O-O 13. Qe2 Nd5 14. Rac1 Nxc3
15. bxc3 b5 16. c4 b4 17. c5 Qc7 18. d5 exd5 19. Bxd5 Bb7 20. Rfd1 a5 21. Qc4
Rad8 22. Bf4 Qc8 23. Re1 Rd7 24. Rcd1 Bf6 25. Bd6 Rfd8 26. Qe4 h6 27. Nd2 Be7
28. Nc4 Na7 29. Nb6 Bxd5 30. Qxd5 Bxd6 31. Nxc8 Bxh2+ 32. Kxh2 Rxd5 33. Ne7+
Kf8 34. Rxd5 1-0

[Event "ODJM A 2018"]
[Site "Willingen GER"]
[Date "2018.05.20"]
[Round "2"]
[White "Leser, Stefan"]
[Black "Oganessjan, Artur"]
[Result "1/2-1/2"]
[Termination "normal"]
[Board "23"]
[WhiteElo "1852"]
[BlackElo "2045"]
[PlyCount "73"]
[WhiteFideId "12997706"]
[BlackFideId "12986062"]
[EventCountry "GER"]
[EventRounds "9"]
[EventType "swiss"]
[EventDate "2018.05.19"]

1. e4 d5 2. exd5 Nf6 3. d4 Bg4 4. Be2 Bxe2 5. Nxe2 Qxd5 6. O-O Nc6 7. Nbc3 Qh5
8. Bf4 O-O-O 9. Be3 e5 10. d5 Ng4 11. h3 Nxe3 12. fxe3 Bc5 13. Ng3 Bxe3+ 14.
Kh1 Qxd1 15. Raxd1 Nd4 16. Rxf7 g6 17. Nge4 h5 18. Re1 Bf4 19. g3 Bh6 20. Nc5
Rdf8 21. Ref1 Nf5 22. Rxf8+ Rxf8 23. N3e4 Rd8 24. c4 b6 25. Ne6 Rd7 26. b3 c6
27. dxc6 Re7 28. g4 hxg4 29. hxg4 Rxe6 30. gxf5 gxf5 31. Rxf5 Bf4 32. Rf7 a5
33. Nf6 Rxc6 34. Nd5 Rh6+ 35. Kg1 Bg5 36. Rf5 Rg6 37. Kf1 1/2-1/2

[Event "ODJM A 2018"]
[Site "Willingen GER"]
[Date "2018.05.20"]
[Round "2"]
[White "Hoffmann, Fabian"]
[Black "Schallner, Marc"]
[Result "1/2-1/2"]
[Termination "normal"]
[Board "24"]
[WhiteElo "1893"]
[BlackElo "1993"]
[PlyCount "46"]
[WhiteFideId "12964891"]
[BlackFideId "12971243"]
[EventCountry "GER"]
[EventRounds "9"]
[EventType "swiss"]
[EventDate "2018.05.19"]

1. e4 e5 2. Nf3 Nc6 3. Bc4 Bc5 4. c3 Nf6 5. d4 exd4 6. cxd4 Bb4+ 7. Bd2 Bxd2+
8. Nbxd2 d5 9. exd5 Nxd5 10. O-O O-O 11. Rc1 Bg4 12. h3 Bh5 13. Qb3 Nb6 14. Qc3
Nd5 15. Qa3 Nce7 16. Rfe1 c6 17. Ne5 Re8 18. Ne4 Qc7 19. Qb3 Rad8 20. g4 Bg6
21. Qg3 Bxe4 22. Rxe4 f6 23. Nd3 Qxg3+ 1/2-1/2

[Event "ODJM A 2018"]
[Site "Willingen GER"]
[Date "2018.05.20"]
[Round "2"]
[White "Meiwes, Thore"]
[Black "Elier, Ali"]
[Result "1-0"]
[Termination "normal"]
[Board "25"]
[WhiteElo "1771"]
[BlackElo "1987"]
[PlyCount "95"]
[WhiteFideId "16201256"]
[BlackFideId "16217543"]
[EventCountry "GER"]
[EventRounds "9"]
[EventType "swiss"]
[EventDate "2018.05.19"]

1. d4 g6 2. e4 Bg7 3. Nc3 c5 4. d5 d6 5. Nf3 Bxc3+ 6. bxc3 Nf6 7. Bb5+ Bd7 8.
Bxd7+ Nbxd7 9. Qd3 O-O 10. O-O Qa5 11. c4 a6 12. Bh6 Rfc8 13. a4 Rab8 14. h3
Qc7 15. Rfb1 b6 16. Ra2 Rb7 17. Rab2 Rcb8 18. Nd2 Ne5 19. Qc3 Ned7 20. g4 e5
21. Kg2 Nf8 22. f4 N8d7 23. f5 Qd8 24. Kg3 Nf8 25. h4 N8d7 26. Nb3 Qe7 27. Na5
Nxd5 28. cxd5 Nf6 29. Qf3 bxa5 30. Rxb7 Rxb7 31. Rxb7 Qxb7 32. fxg6 Qb1 33.
gxf7+ Kxf7 34. g5 Qe1+ 35. Kh3 Qxe4 36. Qxf6+ Ke8 37. Qe6+ Kd8 38. Qxd6+ Ke8
39. Qc6+ Kd8 40. Qa8+ Ke7 41. Qb7+ Kd8 42. Qb6+ 42... Ke8 {(=)} 43. Qe6+ Kd8
44. Qf6+ Ke8 45. Qf2 Qxa4 46. Qxc5 Qe4 47. Qc8+ Ke7 48. d6+ 1-0

[Event "ODJM A 2018"]
[Site "Willingen GER"]
[Date "2018.05.20"]
[Round "2"]
[White "Möller, Lisa-Marie"]
[Black "Pölt, Christoph"]
[Result "1/2-1/2"]
[Termination "normal"]
[Board "27"]
[WhiteElo "1865"]
[BlackElo "1903"]
[PlyCount "57"]
[WhiteFideId "12959367"]
[BlackFideId "12960853"]
[EventCountry "GER"]
[EventRounds "9"]
[EventType "swiss"]
[EventDate "2018.05.19"]

1. e4 c5 2. Nf3 d6 3. Bb5+ Bd7 4. Bxd7+ Qxd7 5. c4 Nc6 6. d4 cxd4 7. Nxd4 g6 8.
Nc3 Bg7 9. Be3 Nf6 10. f3 O-O 11. O-O Rfc8 12. b3 Ne5 13. Rc1 Rab8 14. Nc2 Nc6
15. Qd2 Qe6 16. Nd5 Nd7 17. Rfd1 b6 18. Nd4 Nxd4 19. Bxd4 Nc5 20. Nf4 Bxd4+ 21.
Qxd4 Qe5 22. Qxe5 dxe5 23. Nd3 Nxd3 24. Rxd3 Rd8 25. Rcd1 Rxd3 26. Rxd3 Rb7 27.
Kf2 f6 28. Ke3 Kf7 29. g4 1/2-1/2

[Event "ODJM A 2018"]
[Site "Willingen GER"]
[Date "2018.05.20"]
[Round "2"]
[White "Isler, Benjamin"]
[Black "Steffens, Oliver"]
[Result "1-0"]
[Termination "normal"]
[Board "28"]
[WhiteElo "1881"]
[BlackElo "1944"]
[PlyCount "62"]
[WhiteFideId "12975478"]
[BlackFideId "12947148"]
[EventCountry "GER"]
[EventRounds "9"]
[EventType "swiss"]
[EventDate "2018.05.19"]

1. e4 e6 2. d4 d5 3. Nd2 dxe4 4. Nxe4 Nd7 5. Nf3 Ngf6 6. Nxf6+ Nxf6 7. Bd3 Be7
8. O-O O-O 9. b3 b6 10. Bb2 Bb7 11. c4 c5 12. dxc5 Bxc5 13. Qe2 Qe7 14. Ng5 h6
15. Bxf6 gxf6 16. Nh7 Rfd8 17. Qg4+ Kh8 18. Qh5 Rg8 19. g3 f5 20. Qxh6 Rg6 21.
Qh5 Kg7 22. Rae1 Qd6 23. Ng5 Qc7 24. Qh7+ Kf6 25. Rxe6+ fxe6 26. Qxc7 Rg7 27.
Nh7+ Kg6 28. Qe5 Kxh7 29. Qxe6 -- 30. Bxf5+ Kh8 31. Qh6+ Kg8 1-0

[Event "ODJM A 2018"]
[Site "Willingen GER"]
[Date "2018.05.20"]
[Round "2"]
[White "Buhr, Patrick"]
[Black "Hartmann, Jakob"]
[Result "0-1"]
[Termination "normal"]
[Board "29"]
[WhiteElo "1797"]
[BlackElo "2194"]
[PlyCount "88"]
[WhiteFideId "16206436"]
[BlackFideId "12918067"]
[EventCountry "GER"]
[EventRounds "9"]
[EventType "swiss"]
[EventDate "2018.05.19"]

1. c4 e5 2. Nc3 Nf6 3. g3 d5 4. cxd5 Nxd5 5. Bg2 Nb6 6. Nf3 Nc6 7. O-O Be7 8.
d3 O-O 9. a3 Re8 10. b4 Bf8 11. Bb2 a5 12. b5 Nd4 13. e3 Nxf3+ 14. Bxf3 a4 15.
Rc1 f6 16. Qc2 Ra5 17. d4 Be6 18. d5 Bf7 19. Rfd1 Bd6 20. e4 Qe7 21. Be2 Rea8
22. Nb1 R5a7 23. Ba1 Nd7 24. Qa2 Nc5 25. Nd2 b6 26. Bb2 Kh8 27. f3 Be8 28. Rc2
Bd7 29. Nc4 Qe8 30. Nxd6 cxd6 31. Qc4 Ra5 32. Bc3 Bxb5 33. Qa2 Bxe2 34. Rxe2
R5a7 35. Rb1 Nb3 36. Bb4 Qd7 37. Rc2 Rc7 38. Rbb2 Rac8 39. Kg2 Nd4 40. Rxc7
Qxc7 41. Qb1 b5 42. Rd2 h6 43. Rd3 Qd7 44. Qb2 Rc2+ 0-1

[Event "ODJM A 2018"]
[Site "Willingen GER"]
[Date "2018.05.20"]
[Round "2"]
[White "Hofmann, Lorenz"]
[Black "Wübker, Paul-Luca"]
[Result "1-0"]
[Termination "normal"]
[Board "30"]
[WhiteElo "1909"]
[BlackElo "2132"]
[PlyCount "109"]
[WhiteFideId "12995509"]
[BlackFideId "12939528"]
[EventCountry "GER"]
[EventRounds "9"]
[EventType "swiss"]
[EventDate "2018.05.19"]

1. e4 c5 2. Nf3 d6 3. d4 cxd4 4. Nxd4 Nf6 5. f3 g6 6. c4 Nc6 7. Nc3 Nxd4 8.
Qxd4 Bg7 9. Be3 O-O 10. Qd2 Be6 11. Bd3 Qa5 12. Nd5 Qxd2+ 13. Kxd2 Nxd5 14.
cxd5 Bd7 15. Rab1 Rfc8 16. Rhf1 e6 17. Bf4 Be5 18. Bxe5 dxe5 19. dxe6 Bxe6 20.
b3 Kf8 21. Rfc1 Ke7 22. Rb2 Rxc1 23. Kxc1 Rc8+ 24. Rc2 Rxc2+ 25. Kxc2 g5 26. h3
a5 27. Kc3 Bd7 28. Bc4 f6 29. Bd5 b6 30. Bg8 h6 31. Bc4 f5 32. g4 fxe4 33. fxe4
h5 34. Be2 Bc6 35. gxh5 Bxe4 36. Bd3 Bd5 37. h6 Kf6 38. h7 Kg7 39. Bf5 Kh8 40.
a3 b5 41. b4 a4 42. Kd2 Bc6 43. Ke3 Kg7 44. Kf2 Kh8 45. Kg3 Kg7 46. Kg4 e4 47.
Kxg5 e3 48. Bg4 Bd7 49. Be2 Bxh3 50. Kf4 Kxh7 51. Kxe3 Kg7 52. Bxb5 Kf6 53.
Bxa4 Ke7 54. Kd4 Kd8 55. Bc6 1-0

[Event "ODJM A 2018"]
[Site "Willingen GER"]
[Date "2018.05.20"]
[Round "2"]
[White "Muckle, Richard"]
[Black "Fuhlrott, Tim"]
[Result "1-0"]
[Termination "normal"]
[Board "33"]
[WhiteElo "2014"]
[BlackElo "1930"]
[PlyCount "83"]
[WhiteFideId "12942553"]
[BlackFideId "16222431"]
[EventCountry "GER"]
[EventRounds "9"]
[EventType "swiss"]
[EventDate "2018.05.19"]

1. d4 f5 2. g3 Nf6 3. Bg2 d6 4. c3 g6 5. Nf3 Bg7 6. O-O O-O 7. Nfd2 Nc6 8. e4
e5 9. exf5 gxf5 10. Bxc6 bxc6 11. dxe5 dxe5 12. Qa4 Qe8 13. Nf3 f4 14. Re1 fxg3
15. hxg3 Ng4 16. Nbd2 Qg6 17. Nh4 Qd3 18. Ndf3 Rxf3 19. Nxf3 Qxf3 20. Qc4+ Kh8
21. Qe2 Qxe2 22. Rxe2 Ba6 23. Re4 h5 24. f3 Nf6 25. Rxe5 Re8 26. Rxe8+ Nxe8 27.
Be3 Kg8 28. Bxa7 Kf7 29. Bc5 Nd6 30. Re1 Bf6 31. Kg2 Nc4 32. b3 Bxc3 33. Re7+
Kf6 34. bxc4 Bxc4 35. Rxc7 Bxa2 36. Rxc6+ Be6 37. Be7+ Kxe7 38. Rxc3 Kd6 39.
Ra3 Bf7 40. Kh3 Ke5 41. Kh4 Kf6 42. Ra5 1-0

[Event "ODJM A 2018"]
[Site "Willingen GER"]
[Date "2018.05.20"]
[Round "2"]
[White "Wachtel, Arthur"]
[Black "Gorainow, Nikita"]
[Result "1/2-1/2"]
[Termination "normal"]
[Board "34"]
[WhiteElo "1932"]
[BlackElo "1893"]
[PlyCount "79"]
[WhiteFideId "12988510"]
[BlackFideId "12970093"]
[EventCountry "GER"]
[EventRounds "9"]
[EventType "swiss"]
[EventDate "2018.05.19"]

1. e4 c5 2. Nf3 Nc6 3. Bb5 g6 4. O-O Bg7 5. c3 Nf6 6. Re1 O-O 7. d4 d5 8. e5
Ne4 9. Nbd2 cxd4 10. cxd4 Nxd2 11. Qxd2 Bg4 12. Be2 Qb6 13. Rd1 Rac8 14. b3 f6
15. exf6 Bxf6 16. Bb2 Nb4 17. Bc3 Nc6 18. h3 Bf5 19. Ne5 Rfd8 20. Rac1 Bxe5 21.
dxe5 d4 22. Bc4+ Kh8 23. Bb2 Qc7 24. Qf4 Qd7 25. Bb5 Qd5 26. Bxc6 Rxc6 27. Rxc6
Qxc6 28. Rxd4 Rxd4 29. Bxd4 Kg8 30. Bxa7 Be6 31. Be3 Bd5 32. Qg5 Qe6 33. Bc5
Kf7 34. h4 h5 35. Qf4+ Ke8 36. f3 Kd7 37. Qa4+ Bc6 38. Qd4+ Ke8 39. Kf2 Qf5 40.
Qc3 1/2-1/2

[Event "ODJM A 2018"]
[Site "Willingen GER"]
[Date "2018.05.20"]
[Round "2"]
[White "Gerlach, Felix"]
[Black "Herbrig, Marie-Helén"]
[Result "1-0"]
[Termination "normal"]
[Board "35"]
[WhiteElo "1907"]
[BlackElo "1909"]
[PlyCount "91"]
[WhiteFideId "12957690"]
[BlackFideId "12900427"]
[EventCountry "GER"]
[EventRounds "9"]
[EventType "swiss"]
[EventDate "2018.05.19"]

1. b3 Nf6 2. Bb2 c5 3. e3 Nc6 4. Nf3 e6 5. c4 Be7 6. Be2 b6 7. O-O Bb7 8. d4 d6
9. Nc3 O-O 10. d5 exd5 11. cxd5 Nb4 12. e4 Re8 13. Re1 Bf8 14. a3 Na6 15. Bf1
Nc7 16. Qd2 Qd7 17. Rad1 b5 18. Qf4 Rab8 19. Nh4 Nh5 20. Qf3 g6 21. g4 Ng7 22.
g5 Bc8 23. h3 Nh5 24. Bg2 Bg7 25. Nf5 Be5 26. Nh6+ Kf8 27. Ng4 Bg7 28. Nf6 Nxf6
29. gxf6 Bh6 30. Ne2 Bb7 31. Ng3 Kg8 32. Kh2 a5 33. Rg1 b4 34. a4 Na6 35. Bf1
Nc7 36. h4 Bc8 37. Nf5 Bf8 38. Bh3 Qd8 39. Rg3 Na6 40. Rdg1 Qc7 41. h5 c4 42.
hxg6 fxg6 43. Rxg6+ hxg6 44. Rxg6+ Kf7 45. Qh5 Re5 46. Rg7+ 1-0

[Event "ODJM A 2018"]
[Site "Willingen GER"]
[Date "2018.05.20"]
[Round "2"]
[White "Jurga, Jonas Vincent"]
[Black "Gallasch, Jonas"]
[Result "0-1"]
[Termination "normal"]
[Board "36"]
[WhiteElo "1857"]
[BlackElo "1924"]
[PlyCount "54"]
[WhiteFideId "12968013"]
[BlackFideId "16222474"]
[EventCountry "GER"]
[EventRounds "9"]
[EventType "swiss"]
[EventDate "2018.05.19"]

1. e4 c5 2. b4 cxb4 3. a3 bxa3 4. d4 e6 5. Nf3 d5 6. e5 Nc6 7. Bxa3 Bxa3 8.
Rxa3 Nge7 9. Bd3 Bd7 10. Nc3 a6 11. O-O b5 12. Ne2 Nb4 13. Ng3 Nxd3 14. Rxd3 g6
15. h3 b4 16. Rb3 Bb5 17. Re1 a5 18. Nh2 h5 19. Qf3 Nc6 20. c3 a4 21. Rxb4 Nxb4
22. cxb4 Qe7 23. Qc3 Kd7 24. Ne2 Rhc8 25. Qd2 Rc4 26. Rb1 a3 27. Nf1 a2 0-1

[Event "ODJM A 2018"]
[Site "Willingen GER"]
[Date "2018.05.20"]
[Round "2"]
[White "Erofeev, Anastasia"]
[Black "Brandl, Lea Maria"]
[Result "1-0"]
[Termination "normal"]
[Board "37"]
[WhiteElo "1933"]
[BlackElo "1932"]
[PlyCount "43"]
[WhiteFideId "12917915"]
[BlackFideId "24693049"]
[EventCountry "GER"]
[EventRounds "9"]
[EventType "swiss"]
[EventDate "2018.05.19"]

1. d4 Nf6 2. c4 g6 3. g3 d5 4. cxd5 Nxd5 5. e4 Nb6 6. Bg2 Bg7 7. Ne2 O-O 8. O-O
e6 9. Nbc3 Qe7 10. Qc2 Rd8 11. e5 Na6 12. Ne4 Nb4 13. Qb3 h6 14. g4 N4d5 15.
Qh3 Qf8 16. g5 h5 17. Nf6+ Bxf6 18. gxf6 Nd7 19. Qh4 c5 20. Qg5 cxd4 21. Nxd4
Qc5 22. Nxe6 1-0

[Event "ODJM A 2018"]
[Site "Willingen GER"]
[Date "2018.05.20"]
[Round "2"]
[White "Zeuner, Ole"]
[Black "Nguyen, Ha Thanh"]
[Result "1-0"]
[Termination "time forfeit"]
[Board "38"]
[WhiteElo "1982"]
[BlackElo "1882"]
[PlyCount "125"]
[WhiteFideId "12943576"]
[BlackFideId "12942154"]
[EventCountry "GER"]
[EventRounds "9"]
[EventType "swiss"]
[EventDate "2018.05.19"]

1. e4 c5 2. Nf3 Nc6 3. d4 cxd4 4. Nxd4 g6 5. Nc3 Bg7 6. Nb3 Nf6 7. Be2 d6 8.
O-O O-O 9. Bg5 a6 10. Re1 Bd7 11. Bf1 Bg4 12. Qd2 Nd7 13. h3 Be6 14. Rad1 Nde5
15. Nd5 f6 16. Be3 Nd7 17. Nd4 Bf7 18. Be2 Nc5 19. Nc3 Ne5 20. f4 Nc4 21. Bxc4
Bxc4 22. b4 Ne6 23. Nxe6 Bxe6 24. Nd5 Rc8 25. Bb6 Qd7 26. f5 Bf7 27. Bc5 Qe8
28. Bb6 Qd7 29. Ba5 Rc6 30. c4 Kh8 31. Nb6 Qe8 32. c5 dxc5 33. bxc5 Rg8 34. Bb4
Qb8 35. Qd7 Rc7 36. Qd2 Qe8 37. Nd7 Qc8 38. Ba5 Rc6 39. Qe3 Bxa2 40. Nb6 Qe8
41. Nd5 Bc4 42. Qd4 Bb5 43. Nc7 Qc8 44. Ne6 Qb8 45. Qd7 Re8 46. Qd4 Rcc8 47.
Qe3 g5 48. Qb3 Rc6 49. Nd8 Rf8 50. Nf7+ Rxf7 51. Qxf7 Rc8 52. Qxe7 Bc6 53. Rd8+
Rxd8 54. Qxd8+ Qxd8 55. Bxd8 Kg8 56. e5 fxe5 57. f6 Bf8 58. Rxe5 h6 59. Be7 Kf7
60. Kf2 a5 61. g3 a4 62. Re3 Bd7 63. g4 {Zeitüberschreitung} 1-0

[Event "ODJM A 2018"]
[Site "Willingen GER"]
[Date "2018.05.20"]
[Round "2"]
[White "Langner, Jasper"]
[Black "Bargsten, Justus"]
[Result "0-1"]
[Termination "normal"]
[Board "39"]
[WhiteElo "1707"]
[BlackElo "1953"]
[PlyCount "94"]
[WhiteFideId "16202554"]
[BlackFideId "12974188"]
[EventCountry "GER"]
[EventRounds "9"]
[EventType "swiss"]
[EventDate "2018.05.19"]

1. e4 c5 2. Nf3 d6 3. Bb5+ Nd7 4. b3 a6 5. Bxd7+ Bxd7 6. c4 e5 7. Nc3 Ne7 8. d3
h6 9. Nd5 Nxd5 10. exd5 g6 11. Bb2 Bg7 12. Qc2 O-O 13. O-O-O b5 14. Nd2 a5 15.
Ne4 Qb6 16. a4 bxa4 17. bxa4 f5 18. Nc3 Rab8 19. Nb5 Rbe8 20. Rde1 Re7 21. f3
Ra8 22. Kd2 h5 23. h4 Bh6+ 24. Ke2 Rae8 25. Kd1 e4 26. fxe4 fxe4 27. Rxe4 Rxe4
28. dxe4 Bg4+ 29. Ke1 Bf5 30. Qc3 Rxe4+ 31. Kd1 Bg4+ 32. Kc2 Re2+ 33. Kb1 Re5
34. Re1 Bg7 35. Rxe5 Bxe5 36. Qe1 Bf5+ 37. Ka2 Bxb2 38. Qe8+ Kh7 39. Kxb2 Qb7
40. Qf8 Qd7 41. Qxd6 Qe8 42. Qxc5 Qe2+ 43. Ka3 Qd3+ 44. Kb2 Qb1+ 45. Ka3 Qc1+
46. Kb3 Bc2+ 47. Kc3 Bb1+ 0-1

[Event "ODJM A 2018"]
[Site "Willingen GER"]
[Date "2018.05.20"]
[Round "2"]
[White "Schilay, Lorenz"]
[Black "von Freymann, Franz"]
[Result "1/2-1/2"]
[Termination "normal"]
[Board "41"]
[WhiteElo "1920"]
[BlackElo "1809"]
[PlyCount "68"]
[WhiteFideId "12930180"]
[BlackFideId "12994014"]
[EventCountry "GER"]
[EventRounds "9"]
[EventType "swiss"]
[EventDate "2018.05.19"]

1. e4 c5 2. c3 Nf6 3. e5 Nd5 4. d4 cxd4 5. Nf3 Nc6 6. cxd4 d6 7. exd6 Qxd6 8.
Nc3 Nxc3 9. bxc3 g6 10. Be2 Bg7 11. O-O O-O 12. Qb3 Qc7 13. Ba3 Re8 14. Rfd1
Bf5 15. Ng5 e6 16. f3 Bh6 17. Bc1 f6 18. Ne4 Bxe4 19. fxe4 Bxc1 20. Raxc1 Rad8
21. d5 Na5 22. Qb5 a6 23. Qd3 exd5 24. exd5 b5 25. Qf3 Qe5 26. Bf1 Qe3+ 27.
Qxe3 Rxe3 28. a4 Nb3 29. Rc2 bxa4 30. Bxa6 Nc5 31. Bb5 Ne4 32. c4 Nc3 33. Rdd2
Ne4 34. Rd1 Nc3 1/2-1/2

[Event "ODJM A 2018"]
[Site "Willingen GER"]
[Date "2018.05.20"]
[Round "2"]
[White "Grunert, Friedrich"]
[Black "Kartsev, Nikolay"]
[Result "0-1"]
[Termination "normal"]
[Board "42"]
[WhiteElo "1828"]
[BlackElo "1993"]
[PlyCount "60"]
[WhiteFideId "12995592"]
[BlackFideId "12939536"]
[EventCountry "GER"]
[EventRounds "9"]
[EventType "swiss"]
[EventDate "2018.05.19"]

1. e4 c5 2. Nf3 d6 3. Bb5+ Nd7 4. O-O Ngf6 5. Re1 a6 6. Bd3 g6 7. c3 Bg7 8. Bc2
b5 9. d4 Bb7 10. e5 dxe5 11. dxe5 Ng4 12. e6 Nde5 13. Nxe5 Nxe5 14. exf7+ Nxf7
15. Qxd8+ Rxd8 16. Be3 c4 17. a4 O-O 18. axb5 axb5 19. Bc5 Rd7 20. Na3 Ne5 21.
Rad1 Bc6 22. Bd4 Nd3 23. Bxd3 cxd3 24. Rxd3 e5 25. Red1 exd4 26. cxd4 Rfd8 27.
Rc1 Rxd4 28. Rxd4 Rxd4 29. h3 Bd7 30. Rc5 Bf8 0-1